00000000nam##2200000za#4500
0019.613640
003CaOODSP
00520200401041711
007ta
008150406|1996||||xxc|||||     f|0| 0 eng|d
022 |a0706-6457
040 |aCaOODSP|beng
043 |an-cn---
0861 |aFs97-6/2087E
1101 |aCanada. |bDepartment of Fisheries and Oceans.
24510|aFishes collected from the Canadian portion of the Assiniboine River drainage / |cby B. R. McCulloch and W. G. Franzin.
260 |aOttawa - Ontario : |bFisheries and Oceans Canada |c1996.
300 |av, 62p. : |bmaps, references, tables ; |c28 cm.
4901 |aCanadian technical report of fisheries and aquatic sciences|x0706-6457|v2087
500 |aPrepared at the Central and Arctic Region, Department of Fisheries and Oceans, Winnipeg, Manitoba R3T 2N6.
546 |aRésumés en français
563 |aSoftcover
590 |a97-07|b1997-02-14
7201 |aFranzin, W.G.
7201 |aMcCulloch, B. R.
7760#|tFishes collected from the Canadian portion of the Assiniboine River drainage / |w(CaOODSP)9.574064
830#0|aCanadian technical report of fisheries and aquatic sciences,|x0706-6457|v2087|w(CaOODSP)9.514691